विकास रंगतदार गोष्टी - निळा रंग (Record no. 37491)

MARC details
000 -LEADER
fixed length control field 00675nam a2200181Ia 4500
008 - FIXED-LENGTH DATA ELEMENTS--GENERAL INFORMATION
fixed length control field 090122s9999 xx 000 0 und d
082 ## - DEWEY DECIMAL CLASSIFICATION NUMBER
Item number 13414
Classification number 808.899282
100 ## - MAIN ENTRY--PERSONAL NAME
Personal name अनु
Numeration -
Titles and other words associated with a name बागवे
245 ## - TITLE STATEMENT
Title विकास रंगतदार गोष्टी - निळा रंग
260 ## - PUBLICATION, DISTRIBUTION, ETC. (IMPRINT)
Name of publisher, distributor, etc नवनति
300 ## - PHYSICAL DESCRIPTION
Extent 32
501 ## - WITH NOTE
With note देणगी - प्रथमेश पवार
600 ## - SUBJECT ADDED ENTRY--PERSONAL NAME
Personal name अनु
630 ## - SUBJECT ADDED ENTRY--UNIFORM TITLE
Uniform title विकास रंगतदार गोष्टी - निळा रंग
700 ## - ADDED ENTRY--PERSONAL NAME
Personal name अनु
730 ## - ADDED ENTRY--UNIFORM TITLE
Uniform title विकास रंगतदार गोष्टी - निळा रंग
942 ## - ADDED ENTRY ELEMENTS (KOHA)
Koha item type Book
Holdings
Withdrawn status Lost status Damaged status Not for loan Home library Current library Date acquired Source of acquisition Cost, normal purchase price Total Checkouts Full call number Barcode Date last seen Copy number Cost, replacement price Price effective from Koha item type
        Dombivali Granthasangrahalaya, Dombivali Dombivali Granthasangrahalaya, Dombivali   देणगी - प्रथमेश पवार 20.00   13414 DOM-13414 01/22/2009 1 20.00 01/22/2009 Book